000
00274nam a2200133Ia 4500
100
_a
Glinka/N
650
_a
Chemistry
942
_c
BK
245
_a
Problems In General Chemistry
260
_b
Mir Publishers
_c
1973
082
_a
540
300
_a
256
546
_a
ENGLISH
999
_c
26965
_d
26965